000 00712nam a2200253Ia 4500
001 30931
005 20240114001508.0
007 ta
008 060728s1920 g b000 u 465 u
040 _aCotton College,Assam
041 _a465
082 _a294.1723
_bP 97 B
100 _aSen , Rajendra Nath .
245 0 _aThe Brahmavaivarta Puranam: Brahma and Prakriti Khandas /
_cRajendra Nath Sen.
_hTextual Documents
250 _a1st ed. /
260 _aAllahabad :
_bThe Panini Office ,
_c1920.
300 _a567p. ;
_c24cm.
653 _aReligious Literature
653 _aPuranam-Brahmavaivarta
653 _aG-Religion
942 _2ddc
_cBK
999 _c30913
_d30913